000 01494 a2200277 4500
003 Nust
005 20230607145107.0
010 _a 96071018
020 _a8170298334
035 _a(OCoLC)36382233
035 _a739471
040 _cNust
082 _a005.713769,LAM
100 1 _aLammle, Todd.
_994238
245 1 0 _aMCSE TCP/IP study guide /
_cTodd Lammle with Monica Lammle and James Chellis.
260 _aSan Francisco :
_bSybex Network Press,
_cc1997.
300 _axxvi, 517 p. :
_bill. ;
_c24 cm. +
_e1 computer laser optical disc (4 3/4 in.)
505 _aAn Introduction to TCP/IP (Page-1), Identifying Machines with IP Addressing (Page-45), Implementing IP Routing (Page-115), IP Address Resolution (Page-145), Host Name Resolution (Page-157), NetBIOS Name Resolution (Page-173), DHCP: Dynamic Host Configuration Protocol (Page-199), WINS: Windows Internet Name Service (Page-231), Internetwork Browsing (Page-271), Connectivity in Heterogeneous Environments (Page-291), Microsoft SNMP Services (Page-321), Fine Tuning and Optimization (Page-339), Shooting Trouble (Page-363), Microsoft NT 4.0 (Page-375).
650 0 _aElectronic data processing personnel
_xCertification.
_981704
650 0 _aInternetworking (Telecommunication)
_981637
650 0 _aMicrosoft software
_xStudy and teaching.
_994343
650 0 _aTCP/IP (Computer network protocol)
_924824
700 1 _aChellis, James.
_994344
700 1 _aLammle, Monica.
_994345
942 _2ddc
_cBK
_k005.713769,LAM
999 _c194616
_d194616